000 00291nam a22001337a 4500
008 170714b xxu||||| |||| 00| 0 eng d
020 _a9780965888042
041 _aeng
080 _a101
100 _a24
101 _aFJA
245 _aPHILOSOPHY IN THE FLESH
_cLAKOFF,G
942 _2udc
_cBK
999 _c20735
_d20735